[Event "Buenos Aires Martin Sciorra 1st"]
[Site "Buenos Aires"]
[Date "2019.10.10"]
[Round "3.2"]
[White "Gomez Veras, Maximiliano"]
[Black "Gerola, Pablo"]
[Result "1/2-1/2"]
[WhiteElo "1906"]
[BlackElo "2103"]
[PlyCount "59"]
[EventDate "2019.10.03"]
[EventType "swiss"]
[EventRounds "6"]
[EventCountry "ARG"]
[SourceTitle "EXT 2024"]
[Source "ChessBase"]
[SourceDate "2023.10.10"]
[SourceVersion "1"]
[SourceVersionDate "2023.10.10"]
[SourceQuality "1"]

1. c4 e6 2. g3 d5 3. Bg2 Nf6 4. Nf3 Be7 5. 0-0 0-0 6. cxd5 exd5 7. b3 c6 8. Bb2 Bf5 9. Nh4 Be4 10. f3 Bxb1 11. Qxb1 Nfd7 12. Nf5 Bf6 13. d4 g6 14. Nh6+ Kg7 15. Ng4 Be7 16. e4 h5 17. Ne3 Nb6 18. f4 dxe4 19. d5+ Bf6 20. dxc6 Nxc6 21. Bxf6+ Qxf6 22. f5 Qd4 23. Qxe4 Qxe4 24. Bxe4 Rfe8 25. Bxc6 bxc6 26. Ng2 Rad8 27. fxg6 fxg6 28. Rf2 Rd6 29. Raf1 Re7 30. Nf4 1/2-1/2